000 00563nam a2200217Ia 4500
003 OSt
005 20220928140224.0
006 a|||||r|||| 00| 0
007 ta
008 220927b |||||||| |||| 00| 0 eng d
024 _a7748
037 _cTextual
040 _aSDCL
_cSDCL
_beng
041 _2eng
_aeng
082 _aO-,2M881:g, N8
100 _aManheim Michael Ed.
_9494759
245 0 _aCambridge companion to Eugene O'Neill.
260 _c1998
942 _hO-,2M881:g, N8
_cTEXL
_2CC
999 _c810788
_d810788